Who moved My Cheese/ (Record no. 5241)
[ view plain ]
| 000 -LEADER | |
|---|---|
| fixed length control field | 00411nam a22001457a 4500 |
| 008 - FIXED-LENGTH DATA ELEMENTS--GENERAL INFORMATION | |
| fixed length control field | 150908b xxu||||| |||| 00| 0 eng d |
| 020 ## - INTERNATIONAL STANDARD BOOK NUMBER | |
| International Standard Book Number | 039914463 |
| 050 ## - LIBRARY OF CONGRESS CALL NUMBER | |
| Classification number | HF 637 .C4J64 |
| 100 ## - MAIN ENTRY--PERSONAL NAME | |
| Personal name | Johnson,Spencer: |
| Dates associated with a name | 1998 |
| 245 ## - TITLE STATEMENT | |
| Title | Who moved My Cheese/ |
| Statement of responsibility, etc. | Spencer Johnson: |
| 260 ## - PUBLICATION, DISTRIBUTION, ETC. (IMPRINT) | |
| Place of publication, distribution, etc. | New York; |
| Name of publisher, distributor, etc. | Putman's Sons, |
| Date of publication, distribution, etc. | 1998. |
| 300 ## - PHYSICAL DESCRIPTION | |
| Extent | 94p. |
| 650 ## - SUBJECT ADDED ENTRY--TOPICAL TERM | |
| Topical term or geographic name as entry element | Story book. |
| 942 ## - ADDED ENTRY ELEMENTS (KOHA) | |
| Source of classification or shelving scheme | |
| Koha item type | Hard Covered Materials |
| Classification part | BF 637 .CJ464 |
| Koha issues (borrowed), all copies | 9 |
| Withdrawn status | Lost status | Source of classification or shelving scheme | Damaged status | Not for loan | Home library | Current library | Shelving location | Date acquired | Source of acquisition | Total Checkouts | Full call number | Barcode | Checked out | Date last seen | Date last checked out | Price effective from | Koha item type | Total Renewals |
|---|---|---|---|---|---|---|---|---|---|---|---|---|---|---|---|---|---|---|
| MACHAKOS UNIVERSITY LIBRARY | MACHAKOS UNIVERSITY LIBRARY | Open shelf | 08/09/2015 | Donation (BFA) | 7 | BF 637 .C4J64 1998 | 7777 | 26/10/2024 | 11/10/2024 | 11/10/2024 | 08/09/2015 | Hard Covered Materials | ||||||
| MACHAKOS UNIVERSITY LIBRARY | MACHAKOS UNIVERSITY LIBRARY | 06/10/2015 | Donation(B.F.A) | 13 | BF 637 .C4J64 1998 | 13420 | 09/11/2021 | 08/11/2021 | 06/10/2015 | Hard Covered Materials | 1 | |||||||
| MACHAKOS UNIVERSITY LIBRARY | MACHAKOS UNIVERSITY LIBRARY | Open shelf | 09/10/2015 | Donation(B.F.A) | 8 | SPE BF 637 .C4J64 1998 | 12088 | 17/03/2025 | 14/03/2025 | 09/10/2015 | Hard Covered Materials |